|
|
|
|
| LEADER |
00000nam0a2200000 4500 |
| 001 |
294084 |
| 005 |
20231101001750.0 |
| 020 |
|
|
|a RU
|b 84-35253
|
| 035 |
|
|
|a (RuTPU)RU\TPU\book\319134
|
| 090 |
|
|
|a 294084
|
| 100 |
|
|
|a 20150508d1984 k y0rusy5003 ca
|
| 101 |
0 |
|
|a rus
|
| 102 |
|
|
|a UA
|
| 105 |
|
|
|a a z 001zy
|
| 200 |
1 |
|
|a Термодинамические и электрохимические свойства ионных расплавов
|e сборник научных трудов
|f Академия наук Украинской ССР (АН УССР), Институт общей и неорганической химии ; под ред. Ю. К. Делимарского
|
| 210 |
|
|
|a Киев
|c Наукова думка
|d 1984
|
| 215 |
|
|
|a 168 с.
|c ил.
|
| 320 |
|
|
|a Библиогр. в конце ст.
|
| 606 |
1 |
|
|a Расплавы ионные
|x (электрохимия)
|2 stltpush
|3 (RuTPU)RU\TPU\subj\23824
|
| 610 |
1 |
|
|a термодинамические свойства
|
| 610 |
1 |
|
|a электрохимические свойства
|
| 610 |
1 |
|
|a спектроскопия
|
| 610 |
1 |
|
|a ЯМР-спектроскопия
|
| 610 |
1 |
|
|a катодное восстановление
|
| 610 |
1 |
|
|a гальванопокрытия
|
| 675 |
|
|
|a 544.6.018-4
|z rus
|v 4
|
| 702 |
|
1 |
|a Делимарский
|b Ю. К.
|g Юрий Константинович
|4 340
|
| 712 |
0 |
2 |
|a Академия наук Украинской ССР (АН УССР)
|b Институт общей и неорганической химии
|2 stltpush
|3 (RuTPU)RU\TPU\col\11826
|
| 801 |
|
0 |
|a RU
|b RuMRKP
|c 19950704
|g psbo
|
| 801 |
|
1 |
|a RU
|b 63413507
|c 20150508
|
| 801 |
|
2 |
|a RU
|b 63413507
|c 20190617
|g RCR
|
| 942 |
|
|
|c BK
|